Assessing agricultural drought in natural rubber plantations using MODIS Terra Satellite data. (Record no. 54524)

MARC details
000 -LEADER
fixed length control field 00535nam a2200205Ia 4500
100 ## - MAIN ENTRY--AUTHOR NAME
Personal name Shebin S M
245 #0 - TITLE STATEMENT
Title Assessing agricultural drought in natural rubber plantations using MODIS Terra Satellite data.
260 ## - PUBLICATION, DISTRIBUTION, ETC. (IMPRINT)
Name of publisher Rubber Science
Year of publication 2014
300 ## - PHYSICAL DESCRIPTION
Number of Pages 14-Aug
650 ## - SUBJECT ADDED ENTRY--TOPICAL TERM
Topical Term Land surface temperature
650 ## - SUBJECT ADDED ENTRY--TOPICAL TERM
Topical Term NDVI
650 ## - SUBJECT ADDED ENTRY--TOPICAL TERM
Topical Term Terra MODIS
650 ## - SUBJECT ADDED ENTRY--TOPICAL TERM
Topical Term VTCI
700 ## - ADDED ENTRY--PERSONAL NAME
Personal name Jacob J
700 ## - ADDED ENTRY--PERSONAL NAME
Personal name Jessy M D
700 ## - ADDED ENTRY--PERSONAL NAME
Personal name Meti S
700 ## - ADDED ENTRY--PERSONAL NAME
Personal name Pradeep B
942 ## - ADDED ENTRY ELEMENTS (KOHA)
Koha item type Journals
Holdings
Withdrawn status Lost status Damaged status Not for loan Home library Current library Date acquired Serial Enumeration / chronology Koha item type
      Journals RRII Library RRII Library 02/06/2014 Volume 27, Issue 1 Journals